000 00917nam a2200205 i 4500
001 156122
003 ES-MaACL
005 20230906210327.0
008 041015q1883 sp |||| | spa d
040 _aCAM
_bspa
_cCAM
245 0 0 _aItinerarios de Madrid á Bilbao, de Miranda á Logroño, de Bilbao á Durango y viceversa.
260 _aMadrid :
_bAdministracion, Rollo, 2, tercero :
_bLibrería de D. Guío ;
_aParis :
_bLibrairie Etrangere ;
_aLisboa :
_bLibreria francesa,
_c[1883?]
300 _aXXVIII, 56 p. :
_bil. ;
_c16 cm.
490 1 _aGuías ilustradas del viajero
596 _aProbablemente impreso a finales del siglo XIX o comienzos del XX.
650 4 _aFerrocarriles-
_xItinerarios-
_zEspaña.
_9136100
830 0 _aGuías ilustradas del viajero
_9188051
852 _aES-MaACL
_jT-412-F-2
_z-- Enc. hol.
_z-- Enc. en un vol. facticio
_z-- Enc. con [20] p. de anuncios
999 _c156122
_d156122